000 00867cam a2200217 a 4500
001 000011803
005 20200929162555.0
008 920310k19911992ck a b 100 0 spa d
040 _aDO-SdBNP
_bspa
_cLC
_dBNPHU
082 _a460.98
_bE56p
111 2 _aEncuentro Internacional sobre el Espanol de America
_d(1991 :
_cBogota, Colombia)
_927945
245 1 0 _aPresencia y destino :
_bel español de América hacia el siglo XXI /
_cEncuentro Internacional sobre el Español de América.
260 _aSantafé de Bogota :
_bInstituto Caro y Cuervo,
_c1991-1992.
300 _a2 v. :
_bil. ;
_c25 cm.
504 _aIncluye referencias bibliográficas.
650 4 _aEspañol
_zAmérica Latina
_xCongresos
_927946
650 4 _aEspañol en américa
_xCongresos
_927947
710 1 _aInstituto Caro y Cuervo.
_918393
910 _aCatalogación por copia / LC
049 _aBNGR
999 _c11477
_d11477